000 00428cam a22001574a 4500
005 20250605163426.0
008 250528s ||||||||||||||||||||||||d
035 _a18945
040 _aGR-AtMCL
_bgre
_dGR-AtMCL
_eAACR2
245 1 _aΧέρμαν Μπλάουτ / Herman Blauth
260 _bΠνευματικό Κέντρο Δήμου Αμαρουσίου
300 _a72
942 _cBK
999 _c4242
_d4242